| 000 | 00744nam a22001937a 4500 | ||
|---|---|---|---|
| 999 |
_c86571 _d86569 |
||
| 005 | 20250911132005.0 | ||
| 008 | 240308b ||||| |||| 00| 0 eng d | ||
| 100 | _aAnonuevo, Dianne Mae Flores ; | ||
| 245 |
_aDevelopment of computerized grading system in university of Rizal system Antipolo campus / _cDianne Mae, Romelyn, Mary Flor, David |
||
| 260 | _c2015 | ||
| 300 |
_aXII, 62 pages ; _bIllustration ( some color ) _c28cm |
||
| 337 |
_2rdamedia _aunmediated |
||
| 338 |
_2rdacarrier _avolume |
||
| 502 |
_aThesis _bBSIT _cUniversity of Rizal System, Antipolo Campus _d2015 |
||
| 700 |
_aOrizal, Romelyn Distajo ; _eAuthor. |
||
| 700 |
_aPaquit, Mary Flor Colorines ; _eAuthor. |
||
| 700 |
_aTan, David Luceno ; _eAuthor. |
||
| 942 |
_2lcc _cT |
||